[Курс истории СССР]. Лекции 13-23: История СССР. От середины XV до конца XVII века (Запись № 13614839)
[ простой вид ]
| 000 -МАРКЕР | |
|---|---|
| контрольное поле | 01145nam2a2200241 4500 |
| 001 - ИДЕНТИФИКАТОР ЗАПИСИ | |
| контрольное поле | rc\2998815 |
| 005 - ИДЕНТИФИКАТОР ВЕРСИИ | |
| контрольное поле | 20260407071443.0 |
| 035 ## - ДРУГИЕ СИСТЕМНЫЕ НОМЕРА | |
| Идентификатор записи | (NLR Aleph) 007142349 |
| 100 ## - ДАННЫЕ ОБЩЕЙ ОБРАБОТКИ | |
| Данные общей обработки | 20110920d1945 u y0rusy50 ca |
| 101 0# - ЯЗЫК РЕСУРСА | |
| Язык текста, звукозаписи и т.д. | русский |
| 102 ## - СТРАНА ПУБЛИКАЦИИ ИЛИ ПРОИЗВОДСТВА | |
| Страна публикации | российская федерация |
| 105 ## - ПОЛЕ КОДИРОВАННЫХ ДАННЫХ: ТЕКСТОВЫЕ МАТЕРИАЛЫ, МОНОГРАФИЧЕСКИЕ | |
| Кодированные данные о монографическом текстовом документе | y j ||||| |
| 200 1# - ЗАГЛАВИЕ И СВЕДЕНИЯ ОБ ОТВЕТСТВЕННОСТИ | |
| Основное заглавие | История СССР. От середины XV до конца XVII века |
| Сведения, относящиеся к заглавию | Курс лекций, прочит. в Высш. парт. школе при ЦК ВКП(б) |
| Первые сведения об ответственности | Проф. К.В. Базилевич |
| 210 ## - ПУБЛИКАЦИЯ, РАСПРОСТРАНЕНИЕ И ДР. | |
| Дата издания, распространения и т.д. | 1945 |
| 215 ## - ФИЗИЧЕСКАЯ ХАРАКТЕРИСТИКА | |
| Специфическое обозначение материала и объем | 251 с. |
| 461 #0 - УРОВЕНЬ НАБОРА | |
| Встроенное поле | 001rc\2998813 |
| -- | 2001#$a[Курс истории СССР]$fВысшая парт. школа при ЦК ВКП(б)$vЛекции 13-23 |
| Системный номер (АБИС) связанной записи | 7068429 |
| Место публикации | Москва |
| Дата публикации | 1944 |
| Первые сведения об ответственности | Высшая парт. школа при ЦК ВКП(б) |
| Имя издателя, распространителя и т.д. | Б. и. |
| Заглавие | [Курс истории СССР] |
| Номер тома | Лекции 13-23 |
| 700 #1 - ИМЯ ЛИЦА - ПЕРВИЧНАЯ ОТВЕТСТВЕННОСТЬ | |
| Графика поля | Кириллица |
| Материалы, к которым относится поле | rus |
| Начальный элемент ввода | Базилевич |
| Часть имени, кроме начального элемента ввода | К. В. |
| Даты | 1892-1950 |
| Расширение инициалов личного имени | Константин Васильевич |
| Идентификатор авторитетной/нормативной записи | RU\NLR\AUTH\770278682 |
| Системный номер авторитетной/нормативной записи | 2650649 |
| 801 #0 - ИСТОЧНИК ЗАПИСИ | |
| Страна | российская федерация |
| Организация | NLR |
| Правила каталогизации | psbo |
| 801 #1 - ИСТОЧНИК ЗАПИСИ | |
| Страна | российская федерация |
| Организация | ELAR |
| Источник данных | rusmarc |
| 852 ## - МЕСТОНАХОЖДЕНИЕ И ШИФР ХРАНЕНИЯ | |
| Идентификатор организации | NLR |
| Шифр хранения (Call Number) | Ир10 Г-5/27(13) |
| 942 ## - ДОПОЛНИТЕЛЬНЫЕ ЭЛЕМЕНТЫ ЗАПИСИ (АБИС) | |
| Тип экземпляра АБИС | Неопределено |
| 980 ## - КОЛЛЕКЦИЯ | |
| Название коллекции | Национальная библиография |
Нет доступных экземпляров.